Word Ladder: Watergate Quiz Stats

Quiz Updated Dec 9, 2014

Challenge
Share
Tweet
Embed
Score 0/26 Timer 03:00
0 Plays Today
HINT 4-LETTER WORD % Correct
☎ WEALTHY ☎☎ RICH ☎
97.6%
☎ ____ ROCK CAFE ☎☎ HARD ☎
97.3%
Kentucky Derby, e.g.RACE
95.5%
____-A-RONIRICE
94.5%
☎ BLACK HAWK ____☎ DOWN ☎
93%
DaybreakDAWN
91.5%
ScarceRARE
90.4%
Hymn or anthemSONG
89.5%
PleasantNICE
89.3%
☎ SHAVING MISHAP ☎☎ NICK ☎
86.3%
Coney's cousin?HARE
85.2%
Trig. functionSINE
84.8%
Planted, like oatsSOWN
82.5%
HINT 4-LETTER WORD % Correct
Nazgûl numberNINE
82%
☎ ____ FROM GRACE ☎☎ FALL ☎
81.5%
Prison, when doubledSING
81%
Chip's partnerDALE
80.9%
☎ BOYS ☎☎ SONS ☎
80.1%
Mend socksDARN
79.9%
Boar's matesSOWS
79.7%
Playground challengeDARE
77.9%
Oleo substituteLARD
77.4%
SongbirdLARK
76.1%
Small tasteLICK
72.4%
Mountain sheepDALL
69.8%
Have need ofLACK
69.1%

Today's Daily Dose

Missing Word
Christmas Lyrics

On This Day
December 12th

You're not logged in!

Compare scores with friends on all Sporcle quizzes.
Sign Up with Email
OR
Log In

You Might Also Like...

Show Comments

Extras

Top Quizzes Today


Score Distribution

Your Account Isn't Verified!

In order to create a playlist on Sporcle, you need to verify the email address you used during registration. Go to your Sporcle Settings to finish the process.